000
00232nam a2200085Ia 4500
008
170620s9999 xx 000 0 und d
100
_a
Reddy- R. Jayaprakash
245
0
_a
Research Methodology
260
_b
New Delhi- A.P.H. Publishing corporation
260
_c
2005
999
_c
24824
_d
24824